Quality with equity : the primary education agenda /
In the Bangladesh context.
| Corporate Authors: | , |
|---|---|
| Outros autores: | , , , , , , , |
| Formato: | Libro |
| Idioma: | English Bengali |
| Publicado: |
Dhaka :
Campaign for Popular Education, Bangladesh,
2005.
|
| Subjects: | |
| Classic Catalogue: | View this record in Classic Catalogue |
| LEADER | 02089nam a22005174a 4500 | ||
|---|---|---|---|
| 001 | 36236 | ||
| 003 | BD-DhAAL | ||
| 005 | 20211130143715.0 | ||
| 008 | 191027t2005 bg b bs 001 0 eng d | ||
| 999 | |c 41673 |d 41673 | ||
| 010 | |a 2005310853 | ||
| 020 | |a 9843220471 | ||
| 025 | |a B-E-2005-310853; 22 | ||
| 037 | |b Library of Congress -- New Delhi Overseas Office |c Tk600.00 | ||
| 040 | |a DLC |c DLC |d DLC |d BD-DhAAL | ||
| 041 | 0 | |a eng |a ben | |
| 042 | |a lcode | ||
| 043 | |a a-bg--- | ||
| 050 | 0 | 0 | |a LA1167 |b .E38 2005 |
| 082 | |a 372.95492 |2 21 | ||
| 110 | 2 | |a Education Watch Project (Bangladesh) |9 36480 | |
| 245 | 1 | 0 | |a Quality with equity : |b the primary education agenda / |c Manzoor Ahmed, Samir R. Nath with Altaf Hossain ... [et al.]. |
| 260 | |a Dhaka : |b Campaign for Popular Education, Bangladesh, |c 2005. | ||
| 300 | |a xxxxi, 203 pages : |b color maps ; |c 29 cm. | ||
| 500 | |a "Education Watch report, 2003/04." | ||
| 500 | |a Includes statistical tables. | ||
| 504 | |a Includes bibliographical references (pages [143]-145) and index. | ||
| 520 | |a In the Bangladesh context. | ||
| 526 | |a BIED | ||
| 541 | |a Complimentary copy from BIED |e 36236 | ||
| 546 | |a Includes passages in Bengali. | ||
| 650 | 0 | |a Education, Primary |z Bangladesh. |9 36481 | |
| 650 | 0 | |a Education, Primary |z Bangladesh |x Evaluation. |9 36482 | |
| 650 | 0 | |a Education, Primary |x Aims and objectives |z Bangladesh. |9 36483 | |
| 700 | 1 | |a Ahmed, Manzoor, |d 1940- |9 36484 | |
| 700 | 1 | |a Nath, Samir R. |9 36485 | |
| 700 | 1 | |a Hossain, Altaf |q (Md. Altaf) |9 36486 | |
| 700 | 1 | |a Kabir, Mahbubul |9 36487 | |
| 700 | 1 | |a Kalam, Abul. |9 36488 | |
| 700 | 1 | |a Shahjamal, Mirja M. |9 36489 | |
| 700 | 1 | |a Yasmin, Rosie Nilufar |9 36490 | |
| 700 | 1 | |a Zafar, Tata |9 36491 | |
| 710 | 2 | |a Campaign for Popular Education (Organization) |9 36492 | |
| 852 | |a Ayesha Abed Library |c BIED Collection | ||
| 942 | |2 ddc |c BK | ||
| 952 | |0 0 |1 0 |2 ddc |4 0 |6 372_954920000000000_QUA |7 0 |9 66917 |a BRACUL |b BRACUL |c GEN |d 2019-10-27 |e Complimentary copy from BIED |l 0 |o 372.95492 QUA |p 3010036236 |r 2019-10-27 |t 1 |w 2019-10-27 |y BK |x Transferred from BIED to General Stacks | ||